000
00287nam a22001217a 4500
008
181031b xxu||||| |||| 00| 0 eng d
041
_a
eng
080
_a
101
100
_a
15
101
_a
FIL
245
_a
Eght Philosophers Of The Italian Renaissance
_c
Paul.O
942
_2
udc
_c
BK
999
_c
51249
_d
51249